[Event "Curitiba CC 76 Anniversary"]
[Site "Curitiba"]
[Date "2014.02.01"]
[Round "3"]
[White "Nolasco de Moraes, Vitor"]
[Black "Tratz, Leonardo Schmaedeck"]
[Result "0-1"]
[WhiteElo "1905"]
[BlackElo "2046"]
[PlyCount "94"]
[EventDate "2014.01.31"]
[EventType "swiss"]
[EventRounds "6"]
[EventCountry "BRA"]
[SourceTitle "CBM 158 Extra"]
[Source "ChessBase"]
[SourceDate "2014.02.28"]
[SourceVersion "1"]
[SourceVersionDate "2014.02.28"]
[SourceQuality "1"]

1. e4 Nf6 2. e5 Nd5 3. d4 d6 4. c4 Nb6 5. f4 g6 6. Nf3 Bg7 7. h3 0-0 8. Be2 N8d7 9. Be3 c5 10. dxc5 Nxc5 11. Nc3 Be6 12. Bxc5 dxc5 13. b3 f6 14. Qxd8 Raxd8 15. Ne4 Nd7 16. exf6 Bxf6 17. Rd1 Bf5 18. Ng3 Bc3+ 19. Kf2 e5 20. Nxf5 Rxf5 21. fxe5 Bd4+ 22. Ke1 Bxe5 23. g4 Bc3+ 24. Kf1 Rf7 25. Rd3 Bg7 26. Ke1 Re8 27. Kd1 Nf6 28. Nd2 Bh6 29. Bf3 Bxd2 30. Kxd2 Ne4+ 31. Bxe4 Rxe4 32. Rh2 Kg7 33. Re2 Ref4 34. Rde3 Kf6 35. Re4 Rxe4 36. Rxe4 Kg5 37. Re5+ Kh4 38. Rxc5 Kxh3 39. g5 b6 40. Re5 Rf2+ 41. Re2 Rxe2+ 42. Kxe2 Kg4 43. b4 Kxg5 44. a4 Kf6 45. c5 bxc5 46. b5 Ke6 47. a5 Kd6 0-1

[Event "BRA-ch Center East"]
[Site "Brazil"]
[Date "2011.06.25"]
[Round "5"]
[White "De Paula, Rafael Figueiredo"]
[Black "Tratz, Leonardo Schmaedeck"]
[Result "1/2-1/2"]
[WhiteElo "1901"]
[BlackElo "1998"]
[PlyCount "181"]
[EventDate "2011.06.22"]
[EventType "swiss"]
[EventRounds "7"]
[EventCountry "BRA"]
[SourceTitle "EXT 2013"]
[Source "ChessBase"]
[SourceDate "2012.11.22"]
[SourceVersion "1"]
[SourceVersionDate "2012.11.22"]
[SourceQuality "1"]

1. e4 c5 2. Nf3 a6 3. c3 g6 4. d4 cxd4 5. cxd4 d5 6. e5 Bg4 7. Be2 Nc6 8. 0-0 Bg7 9. Nc3 e6 10. Be3 Nge7 11. Qd2 Nf5 12. Rac1 0-0 13. h3 Bxf3 14. Bxf3 f6 15. exf6 Qxf6 16. Ne2 Rac8 17. Bg4 e5 18. dxe5 Qxe5 19. Bf4 Qxb2 20. Qxd5+ Kh8 21. Rb1 Nce7 22. Qe6 Rc6 23. Qxc6 Nxc6 24. Rxb2 Bxb2 25. Rb1 Nfd4 26. Bh6 Nxe2+ 27. Bxe2 Bg7 28. Bxg7+ Kxg7 29. Rxb7+ Kh6 30. Bxa6 Ra8 31. Bb5 Nd4 32. a4 Nxb5 33. axb5 Ra1+ 34. Kh2 Rb1 35. h4 Rb3 36. b6 Rb4 37. Kg3 Rb3+ 38. f3 Rb4 39. Rb8 Kg7 40. b7 h6 41. Kf2 Kh7 42. Ke3 Kg7 43. g4 g5 44. hxg5 hxg5 45. Kd3 Kh7 46. Kc3 Rb1 47. Kd4 Kg7 48. Ke5 Rb5+ 49. Ke6 Rb6+ 50. Kd5 Rb1 51. Ke4 Rb4+ 52. Ke3 Rb3+ 53. Kf2 Rb4 54. Kg3 Rb3 55. Rc8 Rxb7 56. Rc6 Rb4 57. Kf2 Kf7 58. Ke3 Ra4 59. Rd6 Rb4 60. Rd4 Rb5 61. Ke4 Ke6 62. Ra4 Re5+ 63. Kd4 Rd5+ 64. Kc4 Re5 65. Ra6+ Kf7 66. Kd4 Rb5 67. Rc6 Rb4+ 68. Rc4 Rxc4+ 69. Kxc4 Ke6 70. Kc3 Ke5 71. Kd3 Kd6 72. Ke3 Ke5 73. Kf2 Kd5 74. Ke2 Ke6 75. Kd2 Kd6 76. Ke2 Ke5 77. Kd2 Kd6 78. Ke2 Ke6 79. Kf1 Kf7 80. Ke1 Ke7 81. Kd1 Kd7 82. Kc1 Kc7 83. Kd1 Kd7 84. Ke1 Ke7 85. Kf1 Kf7 86. Kg1 Kg7 87. Kg2 Kg6 88. Kg3 Kg7 89. Kf2 Kf6 90. Ke2 Ke6 91. Kd3 1/2-1/2

[Event "BRA-ch Center East"]
[Site "Brazil"]
[Date "2011.06.25"]
[Round "6"]
[White "Tratz, Leonardo Schmaedeck"]
[Black "Farias, Sergio A"]
[Result "0-1"]
[WhiteElo "1998"]
[BlackElo "2126"]
[PlyCount "34"]
[EventDate "2011.06.22"]
[EventType "swiss"]
[EventRounds "7"]
[EventCountry "BRA"]
[SourceTitle "EXT 2013"]
[Source "ChessBase"]
[SourceDate "2012.11.22"]
[SourceVersion "1"]
[SourceVersionDate "2012.11.22"]
[SourceQuality "1"]

1. e4 c5 2. Nc3 e6 3. g3 g6 4. Bg2 Bg7 5. d3 Ne7 6. Be3 d6 7. Qd2 h6 8. Nf3 Nbc6 9. h4 Rb8 10. h5 g5 11. 0-0-0 b5 12. Nh2 Qa5 13. Kb1 Nb4 14. d4 c4 15. d5 exd5 16. exd5 Bf5 17. Rc1 Bxc3 0-1

[Event "Brasilia-ch 51th sf1"]
[Site "Brasilia"]
[Date "2011.05.10"]
[Round "5.2"]
[White "Freitas, Rogerio Pereira"]
[Black "Tratz, Leonardo Schmaedeck"]
[Result "0-1"]
[WhiteElo "1816"]
[BlackElo "1998"]
[PlyCount "44"]
[EventDate "2011.05.10"]
[EventType "tourn"]
[EventRounds "8"]
[EventCountry "BRA"]
[SourceTitle "EXT 2022"]
[Source "ChessBase"]
[SourceDate "2021.10.06"]
[SourceVersion "1"]
[SourceVersionDate "2021.10.06"]
[SourceQuality "1"]

1. d4 Nf6 2. c4 e5 3. dxe5 Ng4 4. Nf3 Bc5 5. e3 Nc6 6. Be2 Ngxe5 7. 0-0 0-0 8. Nc3 Re8 9. Nd5 d6 10. a3 a5 11. Bd2 Re6 12. Bc3 Rh6 13. g3 Qd7 14. h4 f6 15. Nf4 Ne7 16. Nd4 g5 17. Ng2 gxh4 18. Nxh4 Qh3 19. Qc2 Bxd4 20. exd4 N5g6 21. Qe4 Nxh4 22. gxh4 Rg6+ 0-1

[Event "Pan American U16"]
[Site "Bento Goncalves"]
[Date "2010.08.06"]
[Round "8"]
[White "Leiva Rodriguez, Jeammarco Giuseppe"]
[Black "Tratz, Leonardo Schmaedeck"]
[Result "1-0"]
[WhiteElo "2070"]
[BlackElo "2039"]
[PlyCount "80"]
[EventDate "2010.08.02"]
[EventType "swiss"]
[EventRounds "9"]
[EventCountry "BRA"]
[SourceTitle "EXT 2013"]
[Source "ChessBase"]
[SourceDate "2012.11.22"]
[SourceVersion "1"]
[SourceVersionDate "2012.11.22"]
[SourceQuality "1"]

1. d4 d5 2. c4 c6 3. Nf3 Nf6 4. Qc2 e6 5. g3 Nbd7 6. Bg2 Be7 7. 0-0 0-0 8. b3 b6 9. Nbd2 Bb7 10. Bb2 c5 11. Rfd1 Rc8 12. Ne5 cxd4 13. Bxd4 Bc5 14. Nxd7 Nxd7 15. Bb2 Qe7 16. Qd3 Rfd8 17. cxd5 Bxd5 18. Bxd5 exd5 19. Nf3 Nf6 20. e3 Ne4 21. Rac1 Qe6 22. Kg2 f5 23. Rc2 g5 24. Rdc1 a5 25. a3 g4 26. Nd4 Qh6 27. b4 axb4 28. axb4 Rd6 29. Kg1 Qh5 30. Qf1 Rh6 31. Qg2 Ng5 32. bxc5 Nf3+ 33. Nxf3 gxf3 34. Qh1 Rhc6 35. Bd4 Qg4 36. h4 Qe4 37. Qh3 bxc5 38. Rxc5 Rxc5 39. Rxc5 Rb8 40. Rc1 Kf7 1-0

[Event "Pan American U16"]
[Site "Bento Goncalves"]
[Date "2010.08.04"]
[Round "4"]
[White "Mendonca, Mateus Nakajo"]
[Black "Tratz, Leonardo Schmaedeck"]
[Result "1-0"]
[WhiteElo "2113"]
[BlackElo "2039"]
[PlyCount "79"]
[EventDate "2010.08.02"]
[EventType "swiss"]
[EventRounds "9"]
[EventCountry "BRA"]
[SourceTitle "EXT 2013"]
[Source "ChessBase"]
[SourceDate "2012.11.22"]
[SourceVersion "1"]
[SourceVersionDate "2012.11.22"]
[SourceQuality "1"]

1. e4 c5 2. Nf3 a6 3. c4 g6 4. Nc3 Bg7 5. d4 cxd4 6. Nxd4 Nc6 7. Be3 d6 8. Be2 Nf6 9. 0-0 0-0 10. Rc1 Bd7 11. f3 Ne8 12. Qd2 Nc7 13. Nb3 Ne6 14. Nd5 f5 15. Rfd1 Be5 16. Nb6 Rb8 17. c5 fxe4 18. fxe4 Bf4 19. Bc4 Bxe3+ 20. Qxe3 Ne5 21. cxd6 Nxc4 22. Nxc4 exd6 23. Rxd6 Nf4 24. Rc2 Qe7 25. Rf2 b5 26. Nc5 bxc4 27. Rxd7 Qg5 28. Kh1 Rb5 29. Qd4 Qf6 30. Rxf4 Qxd4 31. Rxf8+ Kxf8 32. Ne6+ Ke8 33. Rxd4 Rxb2 34. h3 c3 35. Rc4 c2 36. Kh2 Rxa2 37. Rc7 a5 38. Ng7+ Kd8 39. Ne6+ Ke8 40. Nd4 1-0

[Event "Pan American U16"]
[Site "Bento Goncalves"]
[Date "2010.08.03"]
[Round "2"]
[White "Romero Barreto, Jaime Jose"]
[Black "Tratz, Leonardo Schmaedeck"]
[Result "1-0"]
[WhiteElo "2047"]
[BlackElo "2039"]
[PlyCount "111"]
[EventDate "2010.08.02"]
[EventType "swiss"]
[EventRounds "9"]
[EventCountry "BRA"]
[SourceTitle "EXT 2013"]
[Source "ChessBase"]
[SourceDate "2012.11.22"]
[SourceVersion "1"]
[SourceVersionDate "2012.11.22"]
[SourceQuality "1"]

1. e4 c5 2. Nf3 a6 3. d4 cxd4 4. Nxd4 Nf6 5. Nc3 e5 6. Nb3 Bb4 7. Bg5 h6 8. Bxf6 Qxf6 9. Qd3 0-0 10. f3 Rd8 11. 0-0-0 Bxc3 12. Qxc3 Nc6 13. Kb1 d6 14. Bc4 Be6 15. Bxe6 Qxe6 16. Rd3 a5 17. a4 Nb4 18. Rd2 Rac8 19. Qe3 Qc4 20. Qe2 b6 21. Qxc4 Rxc4 22. Rhd1 Rc6 23. Nc1 Kf8 24. Na2 Ke7 25. Nc3 g6 26. Nd5+ Nxd5 27. Rxd5 f5 28. exf5 gxf5 29. f4 exf4 30. Rxf5 Rc4 31. Re1+ Kd7 32. b3 Rd4 33. Kc1 Rg8 34. Re2 Rg5 35. Rf7+ Kc6 36. Rf6 h5 37. c3 Rd3 38. Kc2 Re3 39. Rd2 Rd5 40. Rxf4 Rxd2+ 41. Kxd2 Re5 42. h3 Rg5 43. g4 hxg4 44. Rxg4 Rh5 45. h4 d5 46. Ke3 b5 47. Kf3 bxa4 48. Rxa4 Kb5 49. Kg4 Re5 50. Rf4 Re1 51. h5 Rg1+ 52. Kf5 Rh1 53. Kg5 Rg1+ 54. Rg4 Rb1 55. h6 Rh1 56. Kg6 1-0

[Event "Sao Jose dos Pinhais op"]
[Site "Sao Jose dos Pinhais"]
[Date "2010.04.04"]
[Round "6"]
[White "Chemin, Justo Reinaldo"]
[Black "Tratz, Leonardo Schmaedeck"]
[Result "1/2-1/2"]
[WhiteElo "2234"]
[BlackElo "2040"]
[PlyCount "82"]
[EventDate "2010.04.01"]
[EventType "swiss"]
[EventRounds "7"]
[EventCountry "BRA"]
[SourceTitle "EXT 2011"]
[Source "ChessBase"]
[SourceDate "2010.11.26"]
[SourceVersion "1"]
[SourceVersionDate "2010.11.26"]
[SourceQuality "1"]

1. d4 d5 2. Nf3 Nf6 3. e3 Bf5 4. c4 c6 5. Nc3 e6 6. Bd3 Bxd3 7. Qxd3 Nbd7 8. 0-0 Be7 9. e4 0-0 10. Rd1 Qc7 11. cxd5 cxd5 12. e5 Ne8 13. Bg5 Nb6 14. Rac1 Nc4 15. Rc2 h6 16. Nb5 Qd7 17. Bxe7 Qxe7 18. b3 Na5 19. Rdc1 Nc6 20. Qd2 a6 21. Nc3 Nb4 22. Rb2 Rc8 23. a3 Nc6 24. b4 b5 25. Rbc2 Qb7 26. Ne2 Ne7 27. Rc5 Nc7 28. Nf4 Na8 29. Nh5 Nb6 30. Qf4 Nd7 31. Qg4 Ng6 32. Nh4 Nxc5 33. dxc5 Kh7 34. f4 Qe7 35. Nf3 f5 36. Qh3 Kg8 37. Nd4 Rfe8 38. Rc3 Kf7 39. Nxf5 Nxf4 40. Nxf4 exf5 41. Qxf5+ Kg8 1/2-1/2

[Event "American Continental 06th"]
[Site "Sao Paulo"]
[Date "2009.07.29"]
[Round "6"]
[White "Souza, Marcos Valerio"]
[Black "Tratz, Leonardo Schmaedeck"]
[Result "1-0"]
[WhiteElo "2169"]
[BlackElo "2032"]
[PlyCount "61"]
[EventDate "2009.07.25"]
[EventType "swiss"]
[EventRounds "11"]
[EventCountry "BRA"]
[SourceTitle "EXT 2022"]
[Source "ChessBase"]
[SourceDate "2021.10.06"]
[SourceVersion "1"]
[SourceVersionDate "2021.10.06"]
[SourceQuality "1"]

1. e4 c5 2. Nf3 a6 3. d4 cxd4 4. Nxd4 Nf6 5. Nc3 e5 6. Nb3 Bb4 7. Bg5 d6 8. Qd3 Bxc3+ 9. bxc3 h6 10. Bxf6 Qxf6 11. Rd1 Ke7 12. Be2 Nc6 13. 0-0 b5 14. Qd5 Bd7 15. Nc5 Ra7 16. Nxd7 Kxd7 17. Bg4+ Kc7 18. Rd3 Ne7 19. Qb3 Qg6 20. Bh3 Rf8 21. c4 Qxe4 22. cxb5 axb5 23. Rfd1 Ra6 24. Qxb5 Qc6 25. Rc3 Qxc3 26. Qd7+ Kb6 27. Rb1+ Kc5 28. Qb5+ Kd4 29. Rd1+ Qd2 30. Rxd2+ Kc3 31. Rd3+ 1-0